Alfombras españolas de Alcaraz y Cuenca, siglos XV-XVI. (Record no. 509)

MARC details
000 -CABECERA
campo de control de longitud fija 00894nam a2200217 a 4500
001 - NÚMERO DE CONTROL
campo de control BRCA_580
005 - FECHA Y HORA DE LA ÚLTIMA TRANSACCIÓN
campo de control 20190320203054.0
008 - DATOS DE LONGITUD FIJA--INFORMACIÓN GENERAL
campo de control de longitud fija 030205s2002 sp-a---##b---f000-0#spa-#
020 ## - NÚMERO INTERNACIONAL ESTÁNDAR DEL LIBRO
Número Internacional Estándar del Libro 8436936523
040 ## - FUENTE DE LA CATALOGACIÓN
Centro catalogador/agencia de origen DLC
Centro/agencia transcriptor DLC
050 #4 - SIGNATURA TOPOGRÁFICA DE LA BIBLIOTECA DEL CONGRESO
Número de clasificación NK2862.A5
Número de documento/Ítem .A54 2002
245 10 - MENCIÓN DE TÍTULO
Título Alfombras españolas de Alcaraz y Cuenca, siglos XV-XVI.
260 ## - PUBLICACIÓN, DISTRIBUCIÓN, ETC.
Lugar de publicación, distribución, etc. [Madrid]
Nombre del editor, distribuidor, etc. Ministerio de Educación, Cultura y Deporte : Dirección General de Bellas Artes y Bienes Culturales : Subdirección General de Museos Estatales
Fecha de publicación, distribución, etc. [2002?]
300 ## - DESCRIPCIÓN FÍSICA
Extensión 125 p.
Otras características físicas il. a color
Dimensiones 28 cm.
504 ## - NOTA DE BIBLIOGRAFÍA, ETC.
Nota de bibliografía, etc. Bibliografía: p. 119-123
610 24 - PUNTO DE ACCESO ADICIONAL DE MATERIA--NOMBRE DE ENTIDAD CORPORATIVA
Nombre de entidad corporativa o nombre de jurisdicción como elemento de entrada Museo Nacional de Artes Decorativas (España)
9 (RLIN) 1997
650 14 - PUNTO DE ACCESO ADICIONAL DE MATERIA--TÉRMINO DE MATERIA
Término de materia o nombre geográfico como elemento de entrada Alfombras
Subdivisión de forma Temas, motivos
Subdivisión general Historia
Subdivisión cronológica Siglos XV y XVI
Subdivisión geográfica Alcaraz - España
9 (RLIN) 1998
650 14 - PUNTO DE ACCESO ADICIONAL DE MATERIA--TÉRMINO DE MATERIA
Término de materia o nombre geográfico como elemento de entrada Alfombras
Subdivisión general Historia
Subdivisión cronológica Siglos XV y XVI
Subdivisión geográfica Cuenca - España
9 (RLIN) 1999
650 14 - PUNTO DE ACCESO ADICIONAL DE MATERIA--TÉRMINO DE MATERIA
Término de materia o nombre geográfico como elemento de entrada Alfombras
Subdivisión geográfica Madrid - España
9 (RLIN) 2000
942 ## - ELEMENTOS DE PUNTO DE ACCESO ADICIONAL (KOHA)
Fuente del sistema de clasificación o colocación Library of Congress Classification
Tipo de ítem Koha Libros
Holdings
Estado de retiro Estado de pérdida Estado dañado No para préstamo Localización permanente Ubicación/localización actual Fecha de adquisición Total de préstamos Signatura topográfica completa Código de barras Fecha visto por última vez Precio válido a partir de Tipo de ítem Koha
El ejemplar forma parte de la colección y puede ser consultado según las políticas vigentes.       Biblioteca del Museo Franz Mayer (Rogerio Casas-Alatriste) Biblioteca del Museo Franz Mayer (Rogerio Casas-Alatriste) 25/06/2008   NK2862.A5 .A54 2002 00896 22/03/2019 22/03/2019 Libros